Statistics for All Oil Resource Cities in Cities War

Click here to take the quiz!

General Stats

  • This quiz has been taken 9 times
  • The average score is 10 of 85

Answer Stats

CountryMine Capacity #City% Correct
Kuwait660Kuwait City
88%
UAE150Abu Dhabi
75%
Iraq80Baghdad
75%
Azerbaijan54Baku
63%
Canada340Calgary
63%
Canada10Edmonton
63%
Bahrain22Manama
63%
Oman10Muscat
63%
Libya45Tripoli
63%
USA250Anchorage
50%
Iraq170Basra
50%
Saudi Arabia880Dammam
50%
Iraq660Mosul
50%
Norway34Bergen
38%
UK50Aberdeen
25%
Libya120Benghazi
25%
Canada73Regina
25%
Kazakhstan30Aktobe
13%
UAE10Al Ain
13%
USA10Mobile
13%
Kazakhstan25Oral
13%
Russia25Orenburg
13%
Canada120Red Deer
13%
Canada30St. John's
13%
Iraq80Adhamiyah
0%
Iran370Ahvaz
0%
Australia10Albury-Wodonga
0%
Qatar420Al Khor
0%
Netherlands33Almere
0%
Russia25Almetyevsk
0%
Iraq150Amarah
0%
Kazakhstan300Atyrau
0%
USA34Bakersfield
0%
USA60Beaumont
0%
Iran660Bushehr
0%
Venezuela300Cabimas
0%
Brazil250Cabo Frio
0%
Venezuela600Catia La Mar
0%
Mexico30Ciudad Acuña
0%
Venezuela300Ciudad Losada
0%
USA30Costa Mesa
0%
Venezuela600Cumaná
0%
China160Daqing
0%
China100Dezhou
0%
China50Dongying
0%
USA10Fresno
0%
Netherlands33Haarlem
0%
Iraq80Kadhimiya
0%
China80Karamay
0%
Canada10Kelowna
0%
Australia10Launceston
0%
Venezuela600Los Teques
0%
USA100Lubbock
0%
China300Mangya
0%
China10Maoming
0%
Iran300Masjed Soleyman
0%
Mozambique50Matola
0%
Venezuela600Maturín
0%
Canada120Medicine Hat
0%
Japan50Mobara
0%
Russia130Nefteyugansk
0%
USA10New Orleans
0%
Russia160Nizhnekamsk
0%
Russia140Nizhnevartovsk
0%
Russia38Norilsk
0%
UK33Norwich
0%
Brazil50Nova Iguaçu
0%
Russia25Oktyabrsky
0%
Algeria90Ouargla
0%
China50Panjin
0%
Venezuela600Petare
0%
Brazil50Resende
0%
USA34San Buenaventura
0%
Brazil250São Gonçalo
0%
Brazil250São João de Meriti
0%
USA60Shreveport
0%
China73Tangshan
0%
Algeria90Touggourt
0%
Russia14Ukhta
0%
Mexico350Villahermosa
0%
USA30West Covina
0%
China10Yangjiang
0%
China50Yingkou
0%
Russia140Yuzhno-Sakhalinsk
0%
Libya45Zuwarah
0%

Score Distribution

Percentile by Number Answered

Percent of People with Each Score

Your Score History

You have not taken this quiz